000 00281nam a22001337a 4500
008 170918b xxu||||| |||| 00| 0 eng d
020 _a9780026883184
041 _aeng
080 _a7
100 _a44
101 _aART
245 _aART CONNECTIONS
_cRAGANS,R
942 _2udc
_cBK
999 _c28107
_d28107